000 00338nab a22001097u 4500
008 130520b2001 xxu||||| |||| 00| 0 spa d
041 _aspa
100 1 _aHaker, Hille
_912235
245 0 0 _aLa compasión, ¿programa mundial del cristianismo?
_cHille Haker
773 0 _tConcilium
_gnº292,2001,págs. 67-84
_x0210-1041
_wRev134
942 _cAR
999 _c356574
_d356574